[Event "AUTO-MASTER-1684"]
[Site "http://www.queenalice.com/game.php?id=1077392"]
[Date "2012.6.29"]
[Round "1"]
[White "tariann"]
[Black "ALKI"]
[Result "1-0"]
[WhiteElo "2009"]
[BlackElo "2094"]

1. e4 e5 2. Nf3 Nc6 3. Bb5 d6 4. O-O Nf6 5. Re1 Be7 6. c3 a6 7. Bxc6+ bxc6 8. d4
O-O 9. dxe5 dxe5 10. Qxd8 Rxd8 11. Nxe5 Bb7 12. Nf3 c5 13. e5 Nd7 14. Bf4 Bxf3
15. gxf3 c4 16. Nd2 g5 17. Bg3 h5 18. e6 Ne5 19. exf7+ Kxf7 20. Bxe5 Rxd2 21.
Bxc7 Rc8 22. Be5 Re8 23. Re4 Bc5 24. Bd4 Rxe4 25. fxe4 Bxd4 26. cxd4 Rxd4 27. f3
Ke6 28. h3 Ke5 29. b4 c3 30. Rc1 Rd3 31. Kf2 Kd4 32. Rc2 Rd2+ 33. Rxd2+ cxd2 34.
Ke2 Kc3 35. Kd1 Kxb4 36. Kxd2 Kc4 37. Ke3 Kc5 38. Kd3 a5 39. Kc3 a4 40. a3 h4
41. Kd3 Kd6 42. Kd4 Ke6 43. e5 Kf5 44. Kd5 Kf4 45. e6 Kg3 46. e7 Kxh3 47. e8=Q
Kg3 48. Qe5+ Kg2 49. Qxg5+ 1-0

[Event "AUTO-MASTER-1684"]
[Site "http://www.queenalice.com/game.php?id=1077393"]
[Date "2012.6.29"]
[Round "1"]
[White "ALKI"]
[Black "mauricio_sm"]
[Result "1-0"]
[WhiteElo "1969"]
[BlackElo "1968"]

1. e4 e5 2. Nc3 Nf6 3. Bc4 Bc5 4. Nf3 O-O 5. O-O d6 6. d4 exd4 7. Nxd4 Bd7 8.
Bg5 a6 9. Nb3 Ba7 10. Nd5 Bg4 11. Bxf6 gxf6 12. Qxg4+ Kh8 13. Qh5 Nc6 14. Qh6
1-0

[Event "AUTO-MASTER-1684"]
[Site "http://www.queenalice.com/game.php?id=1077394"]
[Date "2012.6.29"]
[Round "1"]
[White "mauricio_sm"]
[Black "ALKI"]
[Result "0-1"]
[WhiteElo "1952"]
[BlackElo "1985"]

1. e4 e5 2. Nf3 Nc6 3. c3 Nf6 4. d4 d6 5. dxe5 Nxe4 6. exd6 Nxd6 7. Bb5 Nxb5 8.
Qxd8+ Nxd8 9. Be3 Be7 10. O-O O-O 11. Nbd2 Bg4 12. a4 Nd6 13. Ne5 Be6 14. b4 Bf6
15. Bd4 Nf5 16. Ndf3 Nxd4 0-1

[Event "AUTO-MASTER-1684"]
[Site "http://www.queenalice.com/game.php?id=1077395"]
[Date "2012.6.29"]
[Round "1"]
[White "ALKI"]
[Black "Modaste"]
[Result "1-0"]
[WhiteElo "2019"]
[BlackElo "2035"]

1. e4 e5 2. Bc4 Nf6 3. Nc3 Bc5 4. Nf3 d6 5. O-O O-O 6. d4 exd4 7. Nxd4 Re8 8.
Bg5 h6 9. Bh4 g5 10. Bg3 Nxe4 11. Qh5 Be6 12. Nxe6 fxe6 13. Qg6+ Kf8 14. Qxh6+
Kf7 15. Qh7+ Kf8 16. Qh6+ Kf7 17. Nxe4 d5 18. Nxg5+ 1-0

[Event "AUTO-MASTER-1684"]
[Site "http://www.queenalice.com/game.php?id=1077396"]
[Date "2012.6.29"]
[Round "1"]
[White "Modaste"]
[Black "ALKI"]
[Result "0-1"]
[WhiteElo "1984"]
[BlackElo "2065"]

1. e4 e5 2. Nf3 Nc6 3. Bc4 Bc5 4. O-O Nf6 5. d3 O-O 6. Nc3 d6 7. Be3 Nd4 8. h3
Be6 9. Bxd4 exd4 10. Ne2 d5 11. exd5 Bxd5 12. Nexd4 Bxd4 13. Nxd4 Bxg2 14. Kxg2
Qxd4 15. c3 Qf4 16. Qf3 Qd6 17. Kh1 Rab8 18. Rg1 b5 19. Bb3 c5 20. a4 bxa4 21.
Bxa4 Rxb2 22. Rg2 Qe5 23. Rag1 g6 24. c4 Rb6 25. Rg5 Qd6 26. h4 Qd4 27. Qh3 Qxf2
28. h5 Qd4 29. hxg6 fxg6 30. Qg3 Kh8 31. Bd1 Re6 32. Qh3 Re3 33. R1g3 Rfe8 34.
Rxg6 Qxd3 35. Rxe3 Rxe3 36. Qc8+ Re8 0-1

[Event "AUTO-MASTER-1687"]
[Site "http://www.queenalice.com/game.php?id=1079286"]
[Date "2012.7.4"]
[Round "1"]
[White "ALKI"]
[Black "Elafsson"]
[Result "0-1"]
[WhiteElo "1972"]
[BlackElo "2030"]

1. e4 e5 2. Bc4 Nc6 3. Nc3 Nf6 4. d3 Bc5 5. Bg5 h6 6. Bh4 O-O 7. Nd5 g5 8. Bg3
d6 9. h4 g4 10. Qd2 Kh7 11. b4 Nxd5 12. bxc5 Nde7 0-1

[Event "AUTO-MASTER-1687"]
[Site "http://www.queenalice.com/game.php?id=1079287"]
[Date "2012.7.4"]
[Round "1"]
[White "Elafsson"]
[Black "ALKI"]
[Result "1-0"]
[WhiteElo "2044"]
[BlackElo "1958"]

1. e4 e5 2. Nf3 Nc6 3. d4 exd4 4. Nxd4 d5 5. Nxc6 bxc6 6. Nc3 Bb4 7. exd5 cxd5
8. Bb5+ Bd7 9. Qxd5 Nf6 10. Bxd7+ Nxd7 11. Qe4+ Be7 12. O-O 1-0

[Event "AUTO-MASTER-1687"]
[Site "http://www.queenalice.com/game.php?id=1079289"]
[Date "2012.7.4"]
[Round "1"]
[White "jck2"]
[Black "ALKI"]
[Result "0-1"]
[WhiteElo "1966"]
[BlackElo "2052"]

1. d4 d5 2. c4 Nf6 3. Nc3 e6 4. Nf3 Be7 5. e3 O-O 6. Bd3 c6 7. O-O Qc7 8. cxd5
cxd5 9. Bd2 Nc6 10. a3 Bd6 11. Qc2 a6 12. Rac1 Bd7 13. Ne2 Rac8 14. h3 Rfe8 15.
Nf4 Qb6 16. Qb1 Bxf4 17. exf4 Nxd4 18. Be3 Nxf3+ 19. gxf3 d4 20. Bd2 h6 21. Kh2
Bb5 22. Bxb5 Rxc1 23. Qxc1 Qxb5 24. Rd1 Qe2 25. Kg2 Qb5 26. Bb4 Qd7 27. Qd2 e5
28. fxe5 Rxe5 29. Qxd4 Rd5 0-1

[Event "AUTO-MASTER-1687"]
[Site "http://www.queenalice.com/game.php?id=1079290"]
[Date "2012.7.4"]
[Round "1"]
[White "ALKI"]
[Black "Alexandrovinsk"]
[Result "0-1"]
[WhiteElo "1945"]
[BlackElo "2073"]

1. e4 c5 2. Bc4 d6 3. Nc3 Nf6 4. d3 g6 5. Bg5 Bg7 6. Nf3 Nc6 7. O-O Bg4 8. h3
Bxf3 9. Qxf3 O-O 10. Qg3 Nd4 11. Rac1 a6 12. e5 Nh5 13. Qh4 Re8 14. exd6 Qxd6
15. Be3 Nf5 16. Qe4 b5 17. Bd5 Rad8 18. Bc6 Nxe3 19. Rfe1 Nf5 20. Bxe8 Rxe8 21.
Qb7 Bxc3 22. bxc3 Nf4 23. a4 b4 24. Rb1 a5 25. Qb5 Ra8 26. cxb4 axb4 27. Re4 Nd4
28. Qb7 Re8 29. a5 f5 30. Re3 Nxc2 31. Rf3 Nxd3 32. Rd1 c4 0-1

[Event "AUTO-MASTER-1687"]
[Site "http://www.queenalice.com/game.php?id=1079291"]
[Date "2012.7.4"]
[Round "1"]
[White "Alexandrovinsk"]
[Black "ALKI"]
[Result "0-1"]
[WhiteElo "2088"]
[BlackElo "2078"]

1. e4 e5 2. Nf3 Nc6 3. Bc4 Nf6 4. O-O Be7 5. Re1 d6 6. d4 exd4 7. Nxd4 O-O 8.
Nc3 Na5 9. Bd3 c5 10. Nb3 c4 11. Nxa5 cxd3 12. Nb3 dxc2 13. Qxc2 Be6 14. Bg5 Rc8
15. Nd4 Qa5 16. e5 dxe5 17. Nxe6 fxe6 18. Qb3 Kf7 19. f4 Rc6 20. fxe5 Qc5+ 21.
Kh1 Ng4 22. Bxe7 Nf2+ 23. Kg1 Nh3+ 0-1

[Event "AUTO-MASTER-1689"]
[Site "http://www.queenalice.com/game.php?id=1079927"]
[Date "2012.7.6"]
[Round "1"]
[White "TheWatcher"]
[Black "ALKI"]
[Result "1-0"]
[WhiteElo "2153"]
[BlackElo "2062"]

1. d4 d5 2. Nf3 Nf6 3. c4 Bf5 4. Nc3 e6 5. Bg5 Be7 6. e3 O-O 7. h3 Ne4 8. Bxe7
Qxe7 9. Nd2 Qf6 10. Ndxe4 Bxe4 11. Nxe4 dxe4 12. Be2 Nd7 13. O-O c6 14. f3 exf3
15. Bxf3 Qg5 16. Qe2 Nf6 17. e4 Rad8 18. e5 Ne8 19. Rad1 f6 20. exf6 Nxf6 21.
Qxe6+ Kh8 22. Qe5 Qh4 23. Qc5 a5 24. d5 Nd7 25. Qd4 Qg5 26. Qd2 Qh4 27. Qc3 cxd5
28. cxd5 a4 29. Rd4 Qf6 30. Rxa4 Qb6+ 31. Qd4 Qd6 32. Ra3 b6 33. Re3 Rf4 34. Qc3
b5 35. Qc6 Qb8 36. Rfe1 Nf6 37. d6 Rc4 38. Qa6 Rxd6 39. Qa3 h6 40. Re7 b4 41.
Qa4 Qb6+ 42. Kh1 Qf2 43. Qa8+ Ng8 44. Qf8 Qd4 45. Re8 Kh7 46. Be4+ 1-0

[Event "AUTO-MASTER-1689"]
[Site "http://www.queenalice.com/game.php?id=1079928"]
[Date "2012.7.6"]
[Round "1"]
[White "ALKI"]
[Black "TheWatcher"]
[Result "0-1"]
[WhiteElo "2075"]
[BlackElo "2143"]

1. e4 c5 2. Bc4 Nc6 3. Nf3 e6 4. d4 cxd4 5. Nxd4 Ne5 6. Bb3 Nf6 7. Nc3 Bb4 8.
O-O Bxc3 9. bxc3 O-O 10. Bg5 h6 11. Bh4 g5 12. Bg3 d6 13. f4 gxf4 14. Bh4 Ng6
15. Qf3 e5 16. Nf5 Bxf5 17. exf5 Nxh4 18. Qh3 Nh5 19. g3 Qg5 20. Qxh4 Qxh4 21.
gxh4 Rac8 22. c4 Ng7 23. f6 Nh5 24. Rad1 Rfd8 25. Rf2 Nxf6 26. Rg2+ Kf8 27. Kf2
e4 28. Rb1 Rc5 29. Kf1 e3 30. Ke2 Ne4 31. Rbg1 Rf5 32. Rg8+ Ke7 33. Rxd8 Kxd8
34. Kd3 Nc5+ 35. Ke2 Ke7 36. a4 Kf6 37. Kf3 Ke5 38. Rd1 Ke6 39. a5 Ke5 40. h3 h5
41. Rd5+ Ke6 42. Rd1 Nxb3 43. cxb3 Rxa5 44. Kxf4 e2 45. Re1 Re5 46. Kf3 a5 47.
Kf2 Re4 48. Kf3 Ke5 49. Kf2 Kf4 50. Rxe2 Rxe2+ 51. Kxe2 Kg3 0-1

[Event "AUTO-MASTER-1689"]
[Site "http://www.queenalice.com/game.php?id=1079943"]
[Date "2012.7.6"]
[Round "1"]
[White "jupar"]
[Black "ALKI"]
[Result "1-0"]
[WhiteElo "1942"]
[BlackElo "1990"]

1. d4 d5 2. c4 Nf6 3. Nc3 e6 4. Bg5 Be7 5. Bxf6 Bxf6 6. e3 O-O 7. Nf3 Nc6 8. a3
a6 9. b4 Re8 10. Bd3 b5 11. cxb5 Ne7 12. O-O c6 13. a4 axb5 14. a5 Ng6 15. Qc2
e5 16. dxe5 1-0

[Event "AUTO-MASTER-1689"]
[Site "http://www.queenalice.com/game.php?id=1079944"]
[Date "2012.7.6"]
[Round "1"]
[White "ALKI"]
[Black "jupar"]
[Result "0-1"]
[WhiteElo "2010"]
[BlackElo "1922"]

1. e4 e5 2. Bc4 Nc6 3. Nf3 d6 4. d4 exd4 5. Nxd4 Nf6 6. O-O Be7 7. Re1 O-O 8.
Nc3 Re8 9. Nxc6 bxc6 10. Bg5 Be6 11. Bd3 h6 12. h3 hxg5 13. Re3 a5 14. Qe2 g4
15. hxg4 Bxg4 0-1

[Event "AUTO-MASTER-1689"]
[Site "http://www.queenalice.com/game.php?id=1079953"]
[Date "2012.7.6"]
[Round "1"]
[White "arthurgomes"]
[Black "ALKI"]
[Result "1-0"]
[WhiteElo "1921"]
[BlackElo "2050"]

1. e4 e5 2. Bc4 Nc6 3. Qh5 g6 4. Qf3 d5 5. Bxd5 f6 6. c3 Bg7 7. d3 Nge7 8. Bb3
h5 9. Bg5 Bg4 10. Qe3 fxg5 11. Qxg5 Bh6 12. Qh4 Qxd3 13. f3 Qe3+ 14. Ne2 Bd7 15.
Qf2 O-O-O 16. O-O Qd3 17. Rd1 Qb5 18. Na3 Qb6 19. Qxb6 axb6 20. Nb5 Na5 21. c4
Bxb5 22. cxb5 c6 23. Be6+ Kb8 24. a4 Rhf8 25. b4 Be3+ 26. Kf1 cxb5 27. bxa5 bxa5
28. axb5 Bd2 29. Ra2 Bb4 30. Rc1 Rd6 31. Bb3 b6 32. Rac2 Rfd8 33. Kf2 Ba3 34.
Ra1 Bb4 35. Rac1 Rd3 36. Be6 Bc5+ 37. Kg3 h4+ 38. Kh3 1-0

[Event "AUTO-MASTER-1689"]
[Site "http://www.queenalice.com/game.php?id=1079954"]
[Date "2012.7.6"]
[Round "1"]
[White "ALKI"]
[Black "arthurgomes"]
[Result "0-1"]
[WhiteElo "2029"]
[BlackElo "1942"]

1. e4 e5 2. Bc4 Nf6 3. Qf3 Be7 4. Nc3 O-O 5. d3 Nc6 6. Nge2 d6 7. h3 Na5 8. Bb3
Nxb3 9. axb3 c6 10. O-O d5 11. Bg5 d4 12. Bxf6 Bxf6 13. Na4 Be6 14. Nc5 b6 15.
Nxe6 fxe6 16. Ng3 c5 17. Nh5 Bg5 18. Qg4 Qe7 19. c3 g6 20. Ng3 Rf4 21. Qe2 Raf8
22. Nh1 a5 23. c4 Bh6 24. Ng3 Qh4 25. Qc2 g5 26. b4 axb4 27. Qa4 g4 28. hxg4
Qxg4 29. Qc6 R4f6 30. Ra8 Bf4 31. Rxf8+ Rxf8 32. Nh1 Qg6 33. Qxb6 Qh6 34. g3 Qg6
35. Qxc5 b3 36. Qb6 Qg4 37. c5 h5 0-1